Tryptich 1976: una obra artística: tres punts de vista

Αποθηκεύτηκε σε:
Λεπτομέρειες βιβλιογραφικής εγγραφής
Κύριος συγγραφέας: Tapies, Antoni (Συγγραφέας)
Μορφή: Βιβλίο
Γλώσσα:Καταλανικά
Ισπανικά
Ιταλικά
Έκδοση: Roma Associació Catalans a Roma 1992
Θέματα:
Ετικέτες: Προσθήκη ετικέτας
Δεν υπάρχουν, Καταχωρήστε ετικέτα πρώτοι!

MARC

LEADER 00000cam a2200000 a 4500
001 UCF5567
003 CL-VaPUC
008 130318e19920000IT |||||||||||||||||cat|d
041 0 7 |a cat  |2 CL-VaPUC 
041 0 7 |a spa  |2 CL-VaPUC 
041 0 7 |a ita  |2 CL-VaPUC 
082 0 4 |a 741.092  |b TAP  |2 21 
100 0 |a Tapies, Antoni  |e author  |9 440737 
245 1 0 |a Tryptich 1976: una obra artística: tres punts de vista 
300 |a 31 p 
942 |c BK 
945 |d 20130318 00:00:00  |a dcastane 
260 |a Roma  |b Associació Catalans a Roma  |c 1992 
650 0 |a Pintores españoles siglo 20  |9 368306 
650 0 |a Artistas españoles  |9 349534 
583 |a last modification  |c 20130318 11:20:00  |k Rodrigo Vera 
999 |c 351065  |d 351063 
952 |0 0  |1 0  |4 0  |6 741_092000000000000_TAP_1992  |7 0  |8 A  |9 454944  |a BIBTEO  |b BIBTEO  |d 2019-11-22  |i 4948831  |o 741.092 TAP 1992  |p 4948831  |r 2025-01-17  |w 2019-11-22  |y BK  |k ICR